000 00343 a2200145 4500
001 168977
020 _a
040 _cMagnum
100 _aChartier, Roger (Org.)
240 1 0 _aA aventura do livro: do leitor ao navegador
_lpor
245 1 0 _aA aventura do livro: do leitor ao navegador
362 0 _a1899
697 _aGERAL
942 _cBK
999 _c168977
_d168977